000 00516nam a22002177a 4500
003 UA-OsUOA
001 74627
007 ta
008 20110414b un ||||| |||| 00| 0 ukr d
100 _aГолубев А.
090 _a330
_bГ62
942 _cSA
040 _aUA-OsUOA
_brus
_cUA-OsUOA
_dUA-OsUOA
245 _aЭкономика как организм
300 _aС.140-152
955 _a0
041 _arus
080 _a330
773 0 _w74623
650 7 _a330 Економіка взагалі
_2UDC
999 _c360919
_d360919